Value indices of commercial real estate : a comparison of index construction methods

Bibliographic Details
Main Authors: Fisher, Jeffrey D. (Author), Geltner, David M. (Author), Webb, R. Brian (Author)
Format: Book
Language:English
Published: [Bloomington, IN] : Real Estate Research Institute 1993
Subjects:

MARC

LEADER 00000cam a2200000 7i4500
001 0000006853
005 20241001.0
008 000214 inu eng
040 |a INS   |b eng   |e rda 
090 0 0 |a HD1393.58.U6   |b F57 1993 
100 1 |a Fisher, Jeffrey D. ,   |e author 
245 1 0 |a Value indices of commercial real estate :   |b a comparison of index construction methods   |c Jeffrey D. Fisher, David M. Geltner and R. Brian Webb 
264 1 |a [Bloomington, IN] :   |b Real Estate Research Institute   |c 1993 
300 |a 35 pages ;   |c 27 cm. 
336 |a text  |2 rdacontent 
337 |a unmediated  |2 rdamedia 
338 |a volume  |2 rdacarrier 
650 0 |a Commercial property   |z United States 
700 1 |a Geltner, David M. ,   |e author 
700 1 |a Webb, R. Brian ,   |e author 
999 |a 0000007534   |b BOOK   |c Open Shelf   |e Default branch